| 000 | 00721nam a2200253Ia 4500 | ||
|---|---|---|---|
| 001 | AUWbook000930 | ||
| 003 | BDCtgAUW | ||
| 005 | 20260406154940.0 | ||
| 008 | 220908s9999 xx 000 0 eng d | ||
| 040 |
_aBDCtgAUW _cBDCtgAUW |
||
| 050 | _aDK511.G44L28 | ||
| 100 | 1 |
_aLang, Davis Marshall. _97383 |
|
| 245 | 0 | _aThe georgians. | |
| 260 |
_aNew York : _bFrederick A. Praeger, _c1996. |
||
| 490 | 1 | _aAncient peoples and places | |
| 650 | 0 |
_aGeorgia (Republic) _xCivilization. _979461 |
|
| 650 | 0 |
_aGeorgia (Republic) _xHistory _yTo 1801. _979462 |
|
| 650 | 0 | _aHistory of Russia. | |
| 650 | 0 |
_aRussian poetry _xGeorgian influences. _979463 |
|
| 887 |
_a BRAC _22982 |
||
| 888 | _22982 | ||
| 942 |
_cBK _2lcc |
||
| 945 | _cBK | ||
| 999 |
_c16980 _d16980 |
||